000 00246nam a22000977a 4500
999 _c11776
_d11776
008 200215b ||||| |||| 00| 0 eng d
020 _a043915832X
100 _aLucado Max
_97460
245 _aBecause I Love you
260 _aNew York
_bScholastic
_c1999